Online
Catalog

Estudios masoréticos : (Record no. 38877)

MARC details
000 -CABECERA
campo de control de longitud fija 00860nam a2200229 a 4500
001 - NÚMERO DE CONTROL
campo de control 000039387
005 - FECHA Y HORA DE LA ÚLTIMA TRANSACCIÓN
campo de control 20201002031627.0
008 - DATOS DE LONGITUD FIJA--INFORMACIÓN GENERAL
campo de control de longitud fija 130625s1983 sp 001 0 spa d
020 ## - NÚMERO INTERNACIONAL ESTÁNDAR DEL LIBRO
Número Internacional Estándar del Libro 8400055535
040 ## - FUENTE DE LA CATALOGACIÓN
Centro catalogador/agencia de origen DO-SdBNP
111 2# - ENTRADA PRINCIPAL--NOMBRE DE CONGRESO/REUNIÓN
Nombre de congreso/reunión o jurisdicción como elemento de entrada Congreso de la IOMS
Número del congreso/reunión o número de parte o sección (5:
Fecha del congreso/reunión 1983 : 29 agosto
Sede del congreso/Lugar de la reunión Salamanca)
9 (RLIN) 65595
245 10 - MENCIÓN DE TÍTULO
Título Estudios masoréticos :
Resto del título V Congreso de la IOMS /
Mención de responsabilidad, etc. editados por Emilia Fernández Tejero.
260 ## - PUBLICACIÓN, DISTRIBUCIÓN, ETC.
Lugar de publicación, distribución, etc. Madrid :
Nombre del editor, distribuidor, etc. Consejo Superior de Investigación Científicas,
Fecha de publicación, distribución, etc. 1983.
300 ## - DESCRIPCIÓN FÍSICA
Extensión 250 p. ;
Dimensiones 28 cm.
490 1# - MENCIÓN DE SERIE
Mención de serie Textos y estudios "Cardenal Cisneros
Designación de volumen o secuencia 33
500 ## - NOTA GENERAL
Nota general dedicados a Harry M. Orlynsky
500 ## - NOTA GENERAL
Nota general Incluye ídice
546 ## - NOTA DE LENGUA/LENGUAJE
Nota de lengua/lenguaje Inglés, francés y español
700 1# - PUNTO DE ACCESO ADICIONAL--NOMBRE DE PERSONA
Nombre de persona Orlinsky, Harry Meyer,
Fechas asociadas al nombre 1908-
9 (RLIN) 65572
700 1# - PUNTO DE ACCESO ADICIONAL--NOMBRE DE PERSONA
Nombre de persona Fernández Tejero, Emilia.
Término indicativo de función/relación ed.
9 (RLIN) 65573
830 #0 - PUNTO DE ACCESO ADICIONAL DE SERIE-TÍTULO UNIFORME
Título uniforme Textos y estudios "Cardenal Cisneros
Designación de volumen o secuencia 33
9 (RLIN) 65596
Holdings
Estado de retiro Estado de pérdida Restricciones de uso No para préstamo Código de colección Localización permanente Ubicación/localización actual Ubicación en estantería Fecha de adquisición Número de inventario Total de préstamos Signatura topográfica completa Código de barras Fecha visto por última vez Precio válido a partir de Tipo de ítem Koha
      Excluido de préstamo Monografías: Libros y Folletos General General En catalogación 25.06.2013 LF1   39387-10 25.06.2020 25.06.2020 No se presta

Powered by Koha